Museum of fine arts : (Record no. 135216)

MARC details
000 -LEADER
fixed length control field 00667nam a22002177a 4500
005 - DATE AND TIME OF LATEST TRANSACTION
control field 20170124110242.0
010 ## - LIBRARY OF CONGRESS CONTROL NUMBER
LC control number A-248482
020 ## - INTERNATIONAL STANDARD BOOK NUMBER
Terms of availability 00.00
International Standard Book Number 0882252305
035 ## - SYSTEM CONTROL NUMBER
System control number A-248482
037 ## - SOURCE OF ACQUISITION
Source of stock number/acquisition Cen Lib/Ret
040 ## - CATALOGING SOURCE
Original cataloging agency DPL
Language of cataloging EN
082 ## - DEWEY DECIMAL CLASSIFICATION NUMBER
Classification number 708
Item number MUS
245 ## - TITLE STATEMENT
Title Museum of fine arts :
Statement of responsibility, etc by Adolph S. Cavallo...[et al.]
Remainder of title great museums of the world /
260 ## - PUBLICATION, DISTRIBUTION, ETC. (IMPRINT)
Name of publisher, distributor, etc New York
Place of publication, distribution, etc Newsweek
Date of publication, distribution, etc 1978
270 ## - ADDRESS
City New York
300 ## - PHYSICAL DESCRIPTION
Extent 171p.
Dimensions 27cm(Hb)
Other physical details ill.
500 ## - GENERAL NOTE
General note includes bibliographical references and index
650 ## - SUBJECT ADDED ENTRY--TOPICAL TERM
Topical term or geographic name as entry element Museum of Fine Arts, Boston.
9 (RLIN) 95197
700 ## - ADDED ENTRY--PERSONAL NAME
Personal name Cavallo, Adolph S.
9 (RLIN) 95198
942 ## - ADDED ENTRY ELEMENTS (KOHA)
Source of classification or shelving scheme Dewey Decimal Classification
Koha item type English Books
Classification part 708
Call number suffix MUS
Holdings
Withdrawn status Lost status Damaged status Not for loan Collection code Home library Current library Date acquired Source of acquisition Cost, normal purchase price Total Checkouts Full call number Barcode Date last seen Copy number Cost, replacement price Price effective from Koha item type
      Not For Loan Reference Central Library Central Library 03/10/2015 Cen Lib/Ret 0.00   708 MUS A-248482 03/10/2015 1 0.00 03/10/2015 English Books

© Delhi Public Library
Hit Counter
free hit counter